00833nam a2200205 i 450000100060000000300090000600500170001500700030003200800410003510000280007624501190010426000390022330000220026249000660028470000310035083000710038185200320045299900170048495201260050190854ES-MaACL20250901062533.0t|050125s1958 an ||||1| spa d1 aLecuyer, Joseph.97112810aSacerdotes de Cristo b: el sacramento del Orden / cJoseph Lecuyer ; [versión española de Juan A.G.-Larraya]. aAndorra : bCasal i Vall, c[1958] a138 p. ; c19 cm.1 aYo sé, yo creo : enciclopedia del católico en el siglo XX1 aLarraya, Juan A. G.97032500aYo sé, yo creo: enciclopedia del católico del siglo XX9186579 aES-MaACLjC-16295 bR.43706 c90854d90854 00104070aATENEOMbATENEOMcGaleríad2008-01-17eSCl0oC-16295p1094860r2023-02-23 00:00:00w2023-02-23yMONOGRAFIA